[Event "Steinfurt Bezirksklasse 0304"]
[Site "Germany"]
[Date "2003.11.08"]
[Round "3.8"]
[White "Mustafa, Riad"]
[Black "Teupe, Martin"]
[Result "1-0"]
[WhiteElo "1174"]
[BlackElo "1030"]
[PlyCount "47"]
[EventDate "2003.09.27"]
[EventType "team-tourn"]
[EventRounds "11"]
[EventCountry "GER"]
[SourceTitle "EXT 2005"]
[Source "ChessBase"]
[SourceDate "2004.11.15"]
[SourceVersion "1"]
[SourceVersionDate "2004.11.15"]
[SourceQuality "1"]
[WhiteTeam "Steinfurt IV"]
[BlackTeam "Emsdetten Rochade IV"]
[WhiteTeamCountry "GER"]
[BlackTeamCountry "GER"]

1. e4 e5 2. Bc4 Nf6 3. d3 Nc6 4. Nf3 Bc5 5. h3 d6 6. Qe2 h6 7. c3 Qe7 8. Qf1 Be6 9. Bb3 d5 10. exd5 Bxd5 11. c4 Bxf3 12. gxf3 Nd4 13. Bd1 Bb4+ 14. Nc3 Bxc3+ 15. bxc3 Nc6 16. a4 Rd8 17. Be2 a5 18. Qg2 g6 19. Rb1 b6 20. f4 exf4 21. Qxc6+ Rd7 22. Bxf4 Kd8 23. Rb5 Re8 24. Qa8# 1-0